[Event "Airthings Masters KO 2020"]
[White "Vachier-Lagrave,Maxime"]
[Black "So,Wesley"]
[Site "Online"]
[Round "1.2"]
[Annotator "TA"]
[Result "1/2-1/2"]
[Date "2020.12.28"]
[WhiteElo "2784"]
[BlackElo "2770"]
[PlyCount "207"]

1. e4 {} e5 2. Nf3 Nc6 3. Bb5 Nf6 4. d3 Bc5 5. Bxc6 dxc6 6. Nbd2 {C65: Ruy Lopez: Berlin Defence 
(3...Nf6), unusual lines and 4 0-0 Bc5.} Nd7 7. Nc4 f6 8. Be3 {[#]} Bd6 $146 ({
Predecessor:} 8... Bxe3 9. Nxe3 Nc5 10. 0-0 0-0 11. Qe2 Ne6 12. Rfd1 c5 13. c3 b6 14. Qc2 Kh8 15. Qb3 c6 16. a4 Nf4 17. Qc2 Ba6 18. Ne1 {1/2-1/2 (18) Stevic,
H (2615)-Pap,M (2488) Gunja 2014} )9. d4 Qe7 10. dxe5 Nxe5 11. Nfxe5 Bxe5 12. Qh5+ g6 13. Qe2 b6 14. Nxe5 Qxe5 15. 0-0-0 Qxe4 16. Rhe1 Kf7 17. Qd2 (17. Rd4 $5 {} Qe6 18. Qd3 $14 )Qf5 18. Qc3 Be6 (18... c5 $1 $11 )19. Qxc6 (19. Rd4 $5 {} Qa5 20. Qxa5 bxa5 21. Ra4 $14 )Rac8 20. h3 Rhd8 $1 21. Rxd8 Rxd8 22. Qxc7+ Rd7 23. Qc3 Qd5 $1 24. b3 Qxg2 25. Kb2 (25. h4 $1 $11 {keeps the balance.} )Qxh3 $17 26. Qc8 g5 (26... Qf5 $17 27. f4 (27. Bh6 $2 g5 $17 )Kg7 )27. f4 $1 $132 { White has
counterplay} (27. Bc1 $2 Qf5 $19 )Qh4 28. Bd2 { Pin} Qf2 29. Bb4 Qd4+ 30. Bc3 Qxf4 31. Qh8 Qf5 32. Rh1 (32. Rf1 $1 $15 Qxf1 33. Qxh7+ Ke8 34. Qh8+ { Double Attack} Kf7 35. Qh7+ Ke8 36. Qh8+ { Double
Attack} Kf7 37. Qh7+ )Kg6 $19 33. Qe8+ Kg7 34. Re1 Bf7 35. Qe2 {With the
idea Rf1.} Rd6 36. Rf1 Qd7 37. Qf3 {} Qc6 38. Qg3 (38. Qe3 $142 h6 39. Rf2 )Bg6 39. Re1 Re6 (39... h5 $19 {...Kh6 is the strong threat.} 40. Qe3 Qc7 )40. Rxe6 $11 Qxe6 41. Qxg5 Qf5 42. Qg2 Qe4 43. Qf2 Qf5 44. Qh2 Qd7 45. Qf4 Qe7 46. Bd4 h5 47. a4 Kf7 48. Qb8 Qd7 49. c3 h4 {next ...h3 is good for
Black.} 50. Qh8 Qf5 (50... Qe7 $11 )51. Qxh4 $14 a5 (51... Qc2+ $14 52. Ka3 Qc1+ 53. Kb4 Qg5 )52. Qh1 (52. c4 $1 $18 )b5 53. Qb7+ { Double
Attack} Kg8 54. Qa8+ (54. Qxb5 $2 {is a self mate.} Qb1+ 55. Ka3 Qa1# )Kg7 55. Qxa5 bxa4 56. Qxa4 Qe6 57. Qa7+ Bf7 58. c4 Kg6 59. Qc5 Be8 60. Ka3 Qa6+ 61. Kb4 $1 Qb7+ 62. Qb6 Qxb6+ 63. Bxb6 $16 { Endgame KB-KB} Kf5 64. Bd4 Ke4 65. Kc3 $1 ({Much less strong is} 65. Bxf6 $6 Kf5 $16 )Kf5 66. b4 Ke6 67. b5 Kd6 68. Bb6 Kd7 69. c5 (69. Kb4 $16 )Bh5 $1 $14 70. Kd3 Bf3 {
[#]} ({Better is} 70... Bd1 $14 )71. Ba5 $1 $16 Bg2 72. Kd4 f5 73. Ke5 ({
White should try} 73. Be1 $16 )f4 $11 74. Kd4 f3 {[#]} (74... Ke6 $11 )75. c6+ (75. Be1 $1 $16 f2 76. Bxf2 )Kd6 {And now ...f2 would win.The
position is equal.} 76. Bb4+ Kc7 {Strongly threatening ...f2.} 77. Kc5 {
b6+ would kill now.} f2 78. b6+ Kb8 79. Bc3 {Intending b7 and mate.} f1=Q $1 {
 ( -> ...Qf5+)} 80. Be5+ Kc8 {Hoping for ...Qc1+.} 81. b7+ Kd8 82. b8=Q+ Ke7 83. Qd6+ Kf7 84. Qd7+ Kg6 85. Qg4+ (85. c7 {with more complications.} Qg1+ 86. Bd4 Qc1+ 87. Kb5 Qb1+ 88. Ka5 )Kf7 86. Qd7+ (86. c7 {looks
sharper.} Qc1+ 87. Kb4 Qb1+ 88. Ka5 Qa2+ 89. Kb5 )Kg6 87. Kd6 {White
threatens Qg4+ and mate.} (87. c7 {is interesting.} Qf2+ 88. Bd4 Qf8+ 89. Kb5 Qf1+ 90. Ka5 )Qf8+ 88. Kc7 {aiming for Qg4+.} Qf3 89. Kd8 {Threatening
Qe6+.} (89. Ba1 {feels hotter.} Kh5 90. Qh7+ Kg4 91. Qg6+ Kh3 92. Qh6+ )Qf8+ 90. Kc7 {Threatens to win with Qg4+.} Qf3 91. Qg7+ Kf5 92. Qf6+ Ke4 93. Qe6 Kd3 94. Qb3+ Ke4 95. Bc3 Kf5 96. Qf7+ Ke4 97. Qc4+ Kf5 98. Qf7+ Ke4 99. Qc4+ (99. Qxf3+ {keeps more tension.} Bxf3 100. Bg7 Bg4 101. Kd6 Kd3 102. c7 )Kf5 100. Qc5+ Kg4 101. Qd4+ Qf4+ 102. Qxf4+ Kxf4 103. Kd6 Bxc6 104. Kxc6 {Quite a comeback for White.  Weighted Error Value: White=0.13/Black=0.17} 1/2-1/2

[Event "Airthings Masters KO 2020"]
[White "Aronian,Levon"]
[Black "Nakamura,Hikaru"]
[Site "Online"]
[Round "1.2"]
[Annotator "TA"]
[Result "1-0"]
[Date "2020.12.28"]
[WhiteElo "2781"]
[BlackElo "2736"]
[PlyCount "69"]

1. d4 {} Nf6 2. Nf3 d5 3. Bf4 e6 4. e3 Bd6 5. Nbd2 c5 6. Bb5+ {D02: 1 d4 d5 2 Nf3 sidelines,
including 2...Nf6 3 g3 and 2...Nf6 3 Bf4.} Nc6 $1 7. Bxc6+ $5 { A
promising side line.} bxc6 {[#]} 8. Bxd6 $146 {The position is equal.} ({
Predecessor:} 8. Ne5 Bb7 9. c3 Rc8 10. 0-0 0-0 11. Qf3 Qe7 12. Bg5 Kh8 13. Qh3 Qc7 14. f4 {0-1 (64) Pak,K-Karsiyaka,S Konya 2008} )Qxd6 9. Nb3 cxd4 10. exd4 Nd7 11. Qd2 0-0 12. Qc3 f6 13. 0-0-0 Ba6 14. Rhe1 Rfe8 15. Re3 Rac8 (15... e5 $11 )16. Rde1 Kf7 (16... Bc4 $1 $11 {remains equal.} )17. Nc5 $16 {Black is
now going downhill.} Nxc5 18. Qxc5 Qxc5 19. dxc5 Ra8 20. Nd4 { Double
Attack} e5 21. Nf5 $36 { White is in control.} ({Reject} 21. Nxc6 $6 Rec8 $11 )Red8 22. f4 Bc8 (22... e4 $16 )23. Nd6+ $18 Rxd6 (23... Ke6 $142 24. fxe5 f5 )24. cxd6 { Endgame KRR-KRB} e4 25. c4 Ke6 26. c5 Ba6 27. Ra3 Bb5 28. b4 {} Kf5 29. Ra5 Bc4 30. a4 a6 31. g4+ Kxf4 $2 {[#]} (31... Ke6 32. Kd2 g5 )32. b5 $1 {White is clearly
winning.} cxb5 33. c6 Ke5 34. c7 {d7 is the strong threat.} Ke6 {[#] Strongly
threatening ...bxa4.} 35. Rxa6 $1 { Weighted Error Value: White=0.05/
Black=0.34} 1-0

[Event "Airthings Masters KO 2020"]
[White "So,Wesley"]
[Black "Vachier-Lagrave,Maxime"]
[Site "Online"]
[Round "1.2"]
[Annotator "TA"]
[Result "1-0"]
[Date "2020.12.28"]
[WhiteElo "2770"]
[BlackElo "2784"]
[PlyCount "127"]

1. Nf3 {} Nf6 2. c4 g6 3. Nc3 d5 4. cxd5 Nxd5 5. Qb3 Nb6 6. d4 Bg7 7. Bf4 {D90: Grünfeld: 4 Nf3 Bg7 sidelines.} Be6 8. Qa3 Nc6 9. e3 {
The position is equal.} 0-0 10. Be2 a5 11. Qc5 Nd5 12. Nxd5 Qxd5 13. Qc3 {[#]} a4 $146 ({Predecessor:} 13... Rfc8 14. 0-0 Qf5 15. a3 a4 16. Rac1 Bb3 17. Bg3 Qa5 18. Nd2 Bd5 19. Qd3 Rd8 {1-0 (38) Pultinevicius,P (2422)-Laurusas,T (2465)
Liepaja 2018} )14. 0-0 Qd7 15. b4 axb3 16. axb3 Bd5 17. b4 {
} Qf5 18. Bd3 Qd7 {White should prevent ...Rxa1.} 19. Rxa8 Rxa8 20. b5 Nd8 21. Qxc7 Qxc7 22. Bxc7 Ne6 23. Bg3 Ra3 24. Rd1 f5 25. Be5 Bxf3 ({Black
should play} 25... f4 $14 )26. gxf3 $16 {Bc4 is the strong threat.} Bxe5 27. dxe5 $14 { Endgame KRB-KRN} Rc3 28. f4 Nc5 29. Bf1 Kf7 30. Rd8 Ne4 31. Bd3 Nc5 32. Be2 Rc2 33. Bf1 Ne4 34. Bd3 Rc1+ 35. Kg2 Nc5 36. Bf1 Ne4 37. Rh8 h6 38. Rh7+ (38. Rxh6 $6 Kg7 $11 )Kf8 39. Rh8+ Kf7 $1 40. Bd3 (40. Rxh6 $6 Kg7 $11 )Nc5 {[#]} 41. Be2 Rc2 42. Bf3 Rb2 43. Rh7+ Kf8 44. Bd5 {
And now Rh8+ would win.} e6 45. Bc4 Rc2 46. Bf1 Ne4 47. Bd3 ({Much worse is} 47. Rxh6 Kg7 $11 )Rxf2+ 48. Kg1 Rf3 49. Rxb7 Rxe3 50. Bc4 g5 $2 {[#]} ({
Better is} 50... Re1+ $1 $14 51. Kg2 Rb1 )51. b6 $1 $18 {Strongly threatening
Rc7.} ({Less strong is} 51. Bxe6 Nc5 $14 )Re1+ 52. Kg2 {Hoping for Rc7.} Rb1 53. Bxe6 Rb2+ 54. Kg1 $2 ({Only move:} 54. Kf3 $18 )Nc5 $2 {} (54... Rb1+ $1 $11 {and Black has nothing to worry.} 55. Kg2 Rb2+ 56. Kf3 Rf2+ 57. Ke3 gxf4+ 58. Kd4 Rd2+ 59. Kc4 Rc2+ 60. Kb3 Rc6 61. Rf7+ Kg8 )55. Rb8+ Ke7 56. Bxf5 gxf4 57. Rc8 Na6 {[#]} (57... Rb5 58. Rc7+ Kd8 )58. Rc7+ $1 {
} Ke8 59. Rc8+ Ke7 60. Rc7+ $2 Kf8 $2 {} ({But not} 60... Nxc7 $2 61. bxc7 Rc2 62. Bxc2 $18 )(60... Ke8 $11 )61. Rc6 {White is clearly
winning.} f3 62. b7 Rxb7 63. Rxa6 f2+ 64. Kf1 {Weighted Error Value: White=0.
27/Black=0.20} 1-0

[Event "Airthings Masters KO 2020"]
[White "Radjabov,Teimour"]
[Black "Nepomniachtchi,Ian"]
[Site "Online"]
[Round "1.2"]
[Annotator "TA"]
[Result "1-0"]
[Date "2020.12.28"]
[WhiteElo "2765"]
[BlackElo "2784"]
[PlyCount "63"]

1. Nf3 {} c5 2. c4 Nc6 3. e3 Nf6 4. Nc3 e6 5. d4 d5 6. cxd5 Nxd5 7. Bd3 Be7 8. a3 cxd4 9. exd4 0-0 10. 0-0 b6 11. Qc2 Nf6 12. Rd1 {next d5! is
good for White.} h6 {D42: Queen's Gambit Declined: Semi-Tarrasch: 5 cxd5 Nxd5
6 e3 Nc6 7 Bd3 .} 13. d5 exd5 {[#]} 14. Nxd5 $1 Nxd5 {The position is equal.} (14... Qxd5 $2 15. Bh7+ $1 {} Nxh7 16. Rxd5 $18 )15. Qxc6 Be6 $1 16. Qa4 {[#]} Qc7 $146 ({Predecessor:} 16... Qd6 17. Qe4 Nf6 18. Qe2 Bd5 19. Be3 Rad8 20. Rac1 Ng4 21. Be4 Nf6 22. Bd3 Qb8 {1/2-1/2 (30) Szczepaniak,A (2267)
-Kolek,P (2197) ICCF email 2016} )17. Bd2 Rad8 18. Rac1 $40 { White
attacks.} Qb7 { A mistake that costs the game.} (18... Qd6 $11 {
and Black has nothing to worry.} )19. Qe4 $18 {} g6 20. Bxh6 Bf5 21. Qa4 Bxd3 22. Bxf8 ({Not} 22. Rxd3 Nf6 $16 )Be2 {[#]} 23. Bxe7 (23. Re1 $142 $1 b5 24. Qa5 Rxf8 25. Rxe2 )Bxd1 24. Rxd1 ({Don't do
} 24. Qxd1 $6 Qxe7 25. Qd4 Nf6 $16 )Qxe7 25. Qd4 b5 (25... Rd6 $16 26. g3 Qe6 )26. h4 Rd7 27. Ne5 Rd6 28. g3 a6 29. Ng4 {Strongly threatening Qc5.} Rd7 (29... Qe6 $16 30. f3 Qe2 31. Nh6+ Kf8 )30. Qe5 Qe6 (30... f5 31. Nh6+ Kh7 32. Qxe7+ (32. Rxd5 Qxe5 33. Rxe5 Kxh6 $16 )Rxe7 )31. Qxe6 fxe6 {[#]} 32. Rxd5 $1 { Weighted Error Value: White=0.12/Black=0.59} 1-0

[Event "Airthings Masters KO 2020"]
[White "Nakamura,Hikaru"]
[Black "Aronian,Levon"]
[Site "Online"]
[Round "1.2"]
[Annotator "TA"]
[Result "0-1"]
[Date "2020.12.28"]
[WhiteElo "2736"]
[BlackElo "2781"]
[PlyCount "73"]

1. Nf3 {} d5 2. g3 Nf6 3. Bg2 g6 4. d3 Bg7 5. Bd2 {[#]} Nc6 $146 ({Predecessor:} 5... 0-0 6. Qc1 Re8 7. 0-0 c5 8. c4 d4 9. Na3 Nc6 10. Nc2 e5 11. b3 e4 12. Nh4 Bd7 {0-1 (45) Pirttimaki,T (2285)-Oim,T (2567)
Finland 1995} )6. Qc1 {A07: Réti Opening: New York and Capablanca Systems.} e5 7. Bh6 Bxh6 8. Qxh6 {Black is slightly better.} Ng4 9. Qd2 e4 (9... f5 {
feels hotter.} 10. e3 Qe7 11. Nc3 Nf6 12. 0-0-0 Bd7 )10. dxe4 dxe4 11. Qxd8+ Nxd8 12. Nd4 f5 13. Nc3 Ne6 14. Nb3 Bd7 15. Bh3 Nf6 16. f3 exf3 17. exf3 0-0-0 18. Kf2 b6 19. Bf1 Bc6 20. Re1 Nd4 21. Ba6+ Bb7 22. Nxd4 Bxa6 23. Rd1 Rhe8 24. a4 Bb7 {Threatening ...Ng4+!} 25. a5 $2 { [#]} (25. Ncb5 $11 {
and White has nothing to worry.} Bd5 26. Rhe1 )Ng4+ $1 $19 {} 26. fxg4 {aiming for Rhe1.} Bxh1 27. axb6 axb6 ({Don't play} 27... cxb6 28. gxf5 gxf5 29. Nxf5 $17 )28. gxf5 gxf5 29. Nxf5 Rxd1 30. Nxd1 {
Endgame KRB-KNN} Be4 31. Nde3 Kd7 32. g4 (32. Nd4 $142 )Ra8 33. Ng3 Bg6 34. Ngf5 (34. Kf3 $142 )Bxf5 {Black is winning.} 35. gxf5 Kd6 36. Kf3 Ke5 37. Kg4 {Weighted Error Value: White=0.33/Black=0.09} 0-1

[Event "Airthings Masters KO 2020"]
[White "Dubov,Daniil"]
[Black "Carlsen,Magnus"]
[Site "Online"]
[Round "1.2"]
[Annotator "TA"]
[Result "1-0"]
[Date "2020.12.28"]
[WhiteElo "2699"]
[BlackElo "2862"]
[PlyCount "83"]

1. d4 {} Nf6 2. c4 e6 3. Nf3 d5 4. g3 Bb4+ 5. Nbd2 0-0 6. Bg2 b6 {The main line 6...b6 scores better than 6...dxc4.} 7. 0-0 Bb7 8. Ne5 a5 {E16: Queen's Indian: 4 g3 Bb7 5 Bg2 Bb4+.} 9. Qc2 a4 {[#]} 10. Rd1 $146 ({
Predecessor:} 10. Nd3 Be7 11. c5 Nc6 12. Nf3 Ne4 13. Be3 bxc5 14. Nxc5 Nxc5 15. dxc5 Bf6 16. Rad1 {0-1 (37) Vokoun,J (2217)-Rogule,L (2342) Pardubice 2006} )Bd6 {White is slightly better.} 11. cxd5 exd5 {[#]} 12. Ndc4 $1 h6 {[#]} (12... c6 13. Nxd6 )13. Bf4 $1 Re8 {[#]} (13... Na6 14. Ne3 )14. Rac1 $1 Na6 15. a3 Bf8 $1 $11 16. Ne3 c5 17. Nf5 cxd4 18. Nc6 $36 { Black is
under pressure.} (18. Rxd4 g5 $17 )(18. Qxa4 Nc5 $17 )Qd7 19. Bh3 (19. Nfxd4 Rac8 $17 )Kh8 $2 (19... Bxc6 $11 20. Qxc6 Qxc6 21. Rxc6 Rxe2 )20. Ne5 $18 (20. Ncxd4 g6 $15 )(20. Qxa4 $2 Nc5 $19 )(20. Rxd4 $2 Rac8 $19 )Rxe5 21. Bxe5 Ne4 22. Bxd4 {Strongly threatening Qxe4!} (22. Rxd4 $6 Nac5 $16 )Rc8 23. Qd3 Nac5 24. Qe3 {Qxh6+ is the strong threat.} Kh7 25. Bxc5 Nxc5 26. Qf3 (26. Qf4 $142 )d4 $16 27. Rxd4 Qe8 (27... Ne6 $16 28. Re1 (28. Rxd7 Rxc1+ 29. Kg2 Bxf3+ 30. exf3 Bc5 $16 )Nxd4 29. Nxd4 Qxh3 30. Qxb7 Bc5 )28. Qe3 Qc6 {} 29. f3 Re8 30. Qf2 (30. Qd2 $142 )g6 31. Ne3 {aiming for Bd7.} Qf6 32. Ng4 (32. Rcd1 $16 )Qg7 $1 $14 {[#]} 33. Rcd1 (33. Rb4 $1 $16 {} f5 {[#]} 34. Nxh6 $1 (34. Rxb6 fxg4 35. Bxg4 Nb3 $11 )(34. Ne3 Nb3 $14 ))h5 $11 34. Ne3 {Threatens to
win with Ng2.} Nb3 $1 {} 35. R4d3 (35. Rxa4 $2 Bc5 $17 )Qxb2 {And now ...Bc5 would win.} (35... Bc5 $5 36. Bd7 $8 { Double Attack} Rxe3 37. Rxe3 Qxb2 $11 )36. Rd7 Bc5 37. Rxf7+ (37. Rxb7 $2 Bxe3 38. Rxf7+ Kg8 $19 )Kh6 38. Rdd7 $1 {Rh7+ would kill now.} Qa1+ $2 {} ({
Worse is} 38... Bxe3 39. Rh7+ Kg5 40. f4+ Kf6 41. Rhf7# )(38... Qh8 $11 39. Kh1 (39. Rxb7 $2 Bxe3 40. Rh7+ Qxh7 $19 )Bxe3 )39. Kg2 $18 ({Stronger than} 39. Rd1 Qh8 $17 )Bxe3 40. Rh7+ {White mates.} Kg5 41. Rxb7 Rf8 42. Qxe3+ { Double Attack.  Weighted Error Value: White=0.18/Black=0.30} 1-0

[Event "Airthings Masters KO 2020"]
[White "Vachier-Lagrave,Maxime"]
[Black "Aronian,Levon"]
[Site "Online"]
[Round "2.1"]
[Annotator "TA"]
[Result "0-1"]
[Date "2020.12.30"]
[WhiteElo "2784"]
[BlackElo "2781"]
[PlyCount "134"]

1. e4 {} e5 2. Nf3 Nc6 3. Bb5 Nf6 4. 0-0 Nxe4 5. d4 Nd6 6. Bxc6 dxc6 7. dxe5 Nf5 8. Qxd8+ Kxd8 9. h3 Ne7 10. Nc3 Bd7 {C67: Ruy
Lopez: Berlin Defence: 4 0-0 Nxe4.} 11. b3 {[#]} Ke8 $1 $146 { A top
novelty.} ({Predecessor:} 11... Ng6 12. Bb2 Kc8 13. Rae1 h6 14. Nd2 Nf4 15. Ne2 Bb4 16. c3 Nxe2+ 17. Rxe2 Be7 18. c4 {1/2-1/2 (52) Vachier Lagrave,M (2774)
-Jakovenko,D (2681) Khanty-Mansiysk 2019} )12. Re1 Nd5 {The position is equal.} 13. Ne4 (13. Ne2 {looks sharper.} Bb4 14. Rf1 Nc3 15. Ng3 c5 16. a3 )Bb4 14. Bd2 (14. Nfd2 {with more complications.} Bf5 15. a3 Bxe4 16. Rxe4 Bc3 17. Rb1 )Bxd2 15. Nfxd2 Nb4 16. Rec1 Rd8 17. a3 Nd5 18. Re1 Ke7 19. Kh2 h5 20. Nf3 Nf4 21. Rad1 Bc8 22. Nd4 h4 23. Ng5 (23. Nc5 $11 )c5 24. Nb5 Rxd1 25. Rxd1 Rh5 26. Nf3 Bd7 $36 { Black is on the roll.} 27. Nxa7 c6 28. b4 cxb4 29. axb4 Ng6 30. Re1 Kd8 31. b5 Kc7 $1 32. bxc6 (32. Rd1 $17 )bxc6 $19 33. c4 Kb7 34. Rd1 Bf5 (34... Be6 $19 35. Ra1 Bxc4 )35. Nxc6 Kxc6 36. Rd5 Be6 37. Rb5 (37. Nd4+ {was necessary.} Kc7 38. Ra5 )Kc7 ({Worse is} 37... Bxc4 38. Nd4+ Kc7 39. Rc5+ Kb7 40. Rxc4 $14 )38. Rc5+ Kd7 39. Ra5 Rf5 40. Ra7+ Kc8 41. Ra8+ Kc7 42. Rg8 Nxe5 43. Nxh4 Rxf2 {aiming for ...g6.} 44. Rxg7 Kd6 45. Rg5 Nxc4 46. Nf3 (46. Kg3 $142 Re2 47. Kf3 )Bd5 47. Kg1 Rb2 48. Rg3 $2 (48. Nh4 )Rb1+ 49. Kf2 Rb2+ (49... f5 $142 50. Rg6+ Ke7 )50. Kg1 Nd2 51. Nxd2 Rxd2 { Endgame KRB-KR} 52. Rg4 f5 53. Rg6+ Ke5 54. Kh2 Be4 (54... f4 $142 55. Kg1 Kf5 56. Rg7 Be6 57. Ra7 Rd3 58. Rc7 Rg3 59. Rc2 Bd5 60. Rd2 Ke4 61. Kf1 Rb3 62. Kg1 Rg3 63. Kf1 Ra3 64. Re2+ Kd3 65. Kf2 Bxg2 $1 {
} 66. Rb2 Be4 67. h4 Ra1 68. h5 Rh1 69. Rb3+ Kc4 70. Rb6 Rh2+ 71. Kf1 f3 72. Rd6 Bd3+ 73. Kg1 f2+ 74. Kxh2 f1=Q 75. Kg3 Qe1+ 76. Kh3 Qe3+ 77. Kg4 Qe2+ 78. Kf4 Qe4+ 79. Kg3 Qe5+ { Double Attack} 80. Kg2 Qxd6 81. Kf3 Qf6+ 82. Ke3 Qf1 83. h6 Bh7 84. Kd2 Qf2+ 85. Kd1 Kd3 86. Kc1 Qc2# )55. Kg1 Kf4 56. Rg8 Ke3 57. Rg3+ Ke2 (57... Kd4 $142 58. h4 f4 59. Rg7 Ke3 60. h5 Rd1+ 61. Kh2 Rd5 62. Kg1 Rd1+ 63. Kh2 Kf2 64. Ra7 Rd5 65. Ra2+ Ke3 66. h6 Rh5+ { Double Attack} 67. Kg1 Bd3 68. Ra1 Rxh6 69. Ra3 Ra6 70. Rb3 Rg6 71. Kh2 Rg3 72. Rb8 Be4 73. Rb3+ Kf2 74. Rb2+ Kf1 75. Ra2 Bd3 76. Rb2 Be2 77. Rb1+ Kf2 78. Rb6 Rxg2+ 79. Kh3 f3 80. Rb3 Ke1 81. Rb1+ Bd1 82. Rb4 {[#]} f2 $1 {} 83. Re4+ Be2 84. Kxg2 f1=Q+ 85. Kg3 Qf3+ 86. Kh4 Qxe4+ 87. Kg5 Qe6 88. Kf4 Kf2 89. Kg5 Ke3 90. Kh4 Qg4# )58. Rg7 Rd1+ 59. Kh2 Kf2 60. Ra7 Rd2 61. Ra5 Kf1 (61... f4 $142 62. Ra4 Ke3 63. Ra3+ Kd4 64. Ra4+ Ke5 65. Ra5+ Bd5 66. Kh1 Kd4 67. Ra4+ Ke3 68. Ra3+ Kf2 69. Kh2 Bxg2 70. h4 Be4 71. h5 Bf5 72. Kh1 Bd3 73. Kh2 Ke3+ 74. Kh3 f3 75. Kh4 Rg2 76. Kh3 Rg1 77. Ra8 f2 78. Re8+ Kf4 79. Rf8+ Bf5+ 80. Rxf5+ Kxf5 81. Kh4 Rg4+ 82. Kh3 f1=Q+ 83. Kh2 Qg2# )62. Ra1+ Kf2 (62... Ke2 $19 63. h4 Ke3 64. Ra3+ Kd4 )63. Ra5 $1 f4 {Black mates.} 64. Ra4 Ke3 65. Ra3+ Kd4 66. Ra4+ Ke5 67. Ra5+ Bd5 {Weighted Error Value: White=0.61/
Black=0.38} 0-1

[Event "Airthings Masters KO 2020"]
[White "Aronian,Levon"]
[Black "Vachier-Lagrave,Maxime"]
[Site "Online"]
[Round "2.1"]
[Annotator "TA"]
[Result "1-0"]
[Date "2020.12.30"]
[WhiteElo "2781"]
[BlackElo "2784"]
[PlyCount "114"]

1. d4 {} Nf6 2. Nf3 g6 3. c4 b6 4. Nc3 Bb7 5. d5 Bg7 6. e4 0-0 7. Be2 d6 8. 0-0 Nbd7 {E91: King's Indian: Classical: 6 Be2, unusual
replies including 6...c5 and 6...Bg4.} 9. Be3 e6 10. Nd2 Re8 {[#] The position
is equal.} 11. Qc2 $146 ({Predecessor:} 11. Rc1 Qe7 12. Bg5 Qf8 13. f4 a6 14. Bf3 Nc5 15. Qc2 exd5 16. cxd5 a5 17. Nb5 {1-0 (29) Khedkar,J (1814)-Prince,C 
(1829) Winnipeg 2006} )c6 12. dxe6 fxe6 13. f4 Qe7 14. Rae1 Rad8 15. Kh1 e5 16. f5 gxf5 $1 17. Rxf5 Nf8 18. Ref1 Bc8 19. R5f2 Ne6 20. Qa4 Bd7 $1 21. Qd1 (21. Qxa7 $2 Ra8 $19 )Rf8 22. h3 Be8 23. Bg4 Bg6 24. Bf5 Nh5 {
Threatening ...Ng3+.} 25. Qg4 Nhf4 26. Bxf4 Nxf4 27. Bxg6 $1 hxg6 28. g3 Nd3 29. Rf3 $36 { White has good play.} Rxf3 30. Rxf3 Ne1 (30... Nxb2 $14 31. Qxg6 Rf8 )31. Rf1 $16 Nc2 32. Qxg6 Rf8 33. Rxf8+ Qxf8 34. Qe6+ Kh8 {
[#] aiming for ...Nd4.} 35. Qf5 Qe8 36. h4 Nd4 37. Qg4 (37. Qg5 $16 )Qf7 38. Kg2 Bh6 39. Nf3 Nc2 $2 ({Black should try} 39... Qxc4 $14 40. Qd7 Qd3 )40. Qc8+ $18 Kh7 {[#]} 41. Qxc6 $2 (41. b3 $1 $18 )Qxf3+ $1 $11 {
Remove Defender, Decoy} 42. Kxf3 Nd4+ { Double Attack} 43. Kg4 {
White wants to mate with Qe8.} Nxc6 44. Kf5 Nd4+ 45. Kf6 Bd2 46. Nd5 (46. Ke7 {
feels hotter.} Bc1 47. Nd1 Ne2 48. g4 Nf4 49. Kxd6 Nd3 50. b3 )Be1 47. Ke7 Bxg3 {Strongly threatening ...Nf3.} 48. Kxd6 Nf3 49. Ne7 Bf2 50. b4 Kg7 (50... Nxh4 $6 51. c5 $16 )51. c5 bxc5 $1 ({Don't go for} 51... Bxh4 $2 52. c6 $18 )52. bxc5 {Hoping for c6.} Kf7 $2 {} (52... Nd2 $1 $11 53. c6 Nxe4+ 54. Kxe5 Nc5 )53. c6 $18 {Black must now prevent c7.} Bb6 (53... Nd4 54. h5 (54. c7 Nb5+ 55. Kd7 Nxc7 $17 )Be1 )54. Nd5 {White is clearly winning.
} Ba5 55. c7 Bxc7+ 56. Nxc7 ({Not} 56. Kxc7 Nxh4 57. Kd6 Nf3 $16 )Nxh4 57. Kxe5 Ke7 {Weighted Error Value: White=0.19/Black=0.30} 1-0

[Event "Airthings Masters KO 2020"]
[White "Radjabov,Teimour"]
[Black "Dubov,Daniil"]
[Site "Online"]
[Round "2.1"]
[Annotator "TA"]
[Result "1-0"]
[Date "2020.12.30"]
[WhiteElo "2765"]
[BlackElo "2699"]
[PlyCount "163"]

1. Nf3 {} d5 2. d4 Nf6 3. c4 e6 4. Nc3 c6 5. cxd5 exd5 6. Qc2 Na6 {} 7. a3 Nc7 8. Bg5 Ne6 9. Bh4 Be7 10. e3 g6 11. Bd3 {D36: Queen's Gambit Declined: Exchange Variation: Main line (5 Bg5 c6
6 Qc2).} Ng7 12. 0-0 Bf5 13. b4 {The position is equal.} a6 14. a4 $5 {
Leaves trodden paths.} Bxd3 15. Qxd3 Nf5 16. Bxf6 Bxf6 17. b5 axb5 18. axb5 0-0 {[#]} 19. Rfc1 $146 ({Predecessor:} 19. bxc6 bxc6 20. Na4 Qd6 21. g3 Rfb8 22. Nc5 h5 23. Qc2 Bg7 24. Nd3 Rxa1 25. Rxa1 {1-0 (38) Padurariu,C (1780)-Olariu,D
(1900) Sovata 2001} )Nd6 20. g3 Re8 21. bxc6 {Rxa8 is the strong threat.} bxc6 22. Ra6 Qd7 23. Nd2 Rec8 24. Na4 Rxa6 25. Qxa6 {And now Nb6 would win.} Qe8 26. Nb6 Rd8 27. Na4 Rc8 28. Nc5 Ra8 29. Qb6 Bd8 30. Qb1 h5 31. Nd3 Bf6 32. Qc2 Rc8 33. h4 Kg7 34. Kg2 Ne4 35. Nf3 Qe6 (35... Nd6 $11 )36. Qa4 Be7 (36... Qd7 $14 )37. Nf4 Qd6 38. Qa6 Rc7 39. Ne5 {} c5 40. Qxd6 Bxd6 41. Nxd5 Ra7 42. Nc4 {aiming for Kf3.} cxd4 43. exd4 (43. Kf3 $142 f5 44. exd4 )Ra2 44. Nc3 (44. Kf3 {seems wilder.} Nd2+ 45. Nxd2 Rxd2 46. Ke3 Rb2 47. Rc6 )Nxc3 ({Don't blunder} 44... Rxf2+ $2 45. Kg1 $18 )45. Rxc3 $16 {
 Endgame KRB-KRN} Be7 46. Rd3 Ra4 47. Nb6 Ra2 48. Nd5 Bd6 49. Ne3 Ra4 50. Kf3 Kf6 51. Nd5+ Kf5 52. Nc3 Ra3 {White must now prevent ...Bb4.} 53. Re3 Ra1 54. Nb5 Ra6 (54... Bb4 $142 )55. Re8 Rb6 56. Nc3 (56. Nxd6+ $16 Rxd6 57. Ke3 )Rb3 $14 57. Re3 Rb4 58. Rd3 Ke6 59. Ne4 Kd5 60. Ke3 Bf8 61. Ra3 Bg7 62. Ra5+ Kc6 63. Rc5+ (63. d5+ $16 Kb7 64. Kf3 )Kb6 64. Rd5 (64. Rc8 {with more complications.} Bxd4+ 65. Kd3 Ka5 66. Rc2 f6 67. Nc3 )Kc6 $1 {
} 65. Rd6+ Kc7 66. Rd5 Kc6 $1 {} 67. Rc5+ (67. Rd8 {
is interesting.} Kc7 68. Rd5 )Kb6 68. Rc2 Bxd4+ 69. Kf3 Rb3+ 70. Kg2 f6 71. Rd2 Be5 {[#]} ({Better is} 71... Rb4 )72. Nxf6 $1 $16 { Strongly
threatening Nd7+.} Kc6 73. Ne4 Rb4 {[#]} 74. Ng5 $1 Bf6 (74... Rb8 $16 75. Nf7 Bc7 )75. Ne6 $18 Rb8 (75... Be5 {keeps fighting.} 76. Re2 Rb5 )76. Nf4 Rg8 77. Re2 Kd7 78. Re6 Rf8 {Now ...g5 and Black clings on.} 79. Ra6 g5 $2 (79... Bd8 80. Nxg6 Re8 )80. Ng6 {White is clearly winning.} Rf7 81. hxg5 Bd4 82. f4 {
Weighted Error Value: White=0.10/Black=0.10} 1-0